00526pam a2200157 a 4500020004200000020004200042040000800084082002600092100002400118245004300142246002700185260006100212300004700273650002800320700002000348 a0935702725 (cloth : acidfree paper) : a0935702733 (paper : acidfree paper) : cDLC00a574 UNI 1994 A025 Or.1 aLippard, Stephen J.10aPrinciples of bioinorganic chemistry /30aBioinorganic chemistry aMill Valley, Calif. :bUniversity Science Books,cc1994. axvii, 411 p. :bill. (some col.) ;c26 cm. 0aBioinorganic chemistry.1 aBerg, Jeremy M.